000 00391nab a22001097u 4500
008 130520b1990 xxu||||| |||| 00| 0 spa d
041 _aspa
100 1 _aFernandes de Queiroga, G.
_967493
245 0 0 _aLa Conferencia episcopal brasileña. Una realización peculiar de la colegialidad
_cG. Fernandes De Queiroga
773 0 _tConcilium
_gV.2,1990,págs.137-143
_x0210-1041
_wRev134
942 _cAR
999 _c355561
_d355561